000 00704nam a2200229 a 4500
999 _c957
_d957
008 191113s2010 ii a|||g |||| 001 0 eng d
020 _a9788175967878
_cRs. 395.00
040 _aKO
_beng
041 0 _aeng
044 _aii
082 0 4 _223
_a658.4063
_bR258
245 1 0 _aReengineering In Action :
_bThe Quest for World-Class Excellence /
_cEdited by Chan Meng Khoong
260 _aNew Delhi :
_bCambridge University Press India Pvt Ltd,
_c2010
300 _axi, 462 p. :
_bill. ;
_c21.5 cm.
504 _aIncludes index.
650 0 _aReengineering (Management)
650 0 _aOrganizational change -- Management
700 1 _aKhoong, Chan Meng
_eedt
904 _aS_JOY
942 _cBK